000 00564 a2200157 4500
999 _c9759
_d9759
020 _a9781779224033
050 _aDT2988 McL 2021
100 _aMcLaughlin, Janice
_eauthor
245 _a'The Color of the skin doesn't matter' :
_ba missioner's tale of faith and politics /
_cJanice McLaughlin
264 _aAvondale, Harare :
_bWeaver Press,
_c2021
300 _axvi, 235pages :
_bplates
500 _aWar literature
650 _aCatholic church -- Missions
_xZimbabwe
650 _aZimbabwe -- History
_xChimurenga war, 1966 - 1980
942 _2lcc
_cBK
_h2988
_iMCL
_kDT